Realizmus, redukció és brentanói reláció

Elmentve itt :
Bibliográfiai részletek
Szerző: Újvári Márta
Adatforrás:Philobibl
Forrásdokumentuma:Magyar Filozófiai Szemle
43.1999:1-3. 101-119. p.
Dokumentumtípus: Cikk
Nyelv:magyar
Kulcsszavak:igaz
metafizikai realizmus
nyelvelmélet
Megjelent: 1999
LEADER 00423nab a2200145 c 4500
001 bibPHI0031527
005 20200924122902.4
008 080125s1999 hu hun
100 1 |a Újvári Márta 
245 1 0 |a Realizmus, redukció és brentanói reláció  |c Újvári Márta 
260 |a 1999 
695 |a igaz 
695 |a metafizikai realizmus 
695 |a nyelvelmélet 
773 0 |t Magyar Filozófiai Szemle  |g 43.1999:1-3. 101-119. p.